000 00258pam a2200121 a 4500
020 _c
041 _aeng
100 _aKoestler .A.
245 _aArrow In The Blue
_hTextual Documents
260 _a[s.l]:
_bWilliam Collins
300 _a246p.
930 _a15237
999 _c92137
_d92137